| 000 | 00798nam a22002417a 4500 | ||
|---|---|---|---|
| 003 | OSt | ||
| 005 | 20251220133043.0 | ||
| 008 | 251220b |||||||| |||| 00| 0 eng d | ||
| 020 | _a97818699019 | ||
| 040 | _cDCL | ||
| 041 | _aEnglish | ||
| 082 | _a959.1 | ||
| 100 | 1 |
_aAung-Thwin, _cMichael |
|
| 245 | 1 | 0 |
_aA History of Myanmar Since ancient times : _btraditions and transformations / _cMichael Aung-Thwin and Maitrii Aung-Thwin. |
| 260 |
_aLondon : _bReaktion Books, _c2012. |
||
| 300 |
_a325 pages : _billustrations, maps ; _c25 cm. |
||
| 504 | _aIncludes bibliographical notes and index. | ||
| 651 |
_aMyanmar _vHistory |
||
| 651 |
_aMyanmar _xPolitics and government |
||
| 651 |
_aMyanmar _x Social conditions |
||
| 700 | 1 | _aAung-Thwin, Maitrii | |
| 942 |
_2ddc _cSHORT TERM _n0 |
||
| 999 |
_c2758 _d2758 |
||